Hillsborough County (FL) Cities Quiz - Statistics

General Stats
  • This quiz has been taken 14 times
  • The average score is 16 of 34
Answer Stats
Population Answer % Correct
114,923 Brandon
100%
403,634 Tampa
100%
26,444 Apollo Beach
88%
40,571 Plant City
88%
102,467 Riverview
88%
26,972 Temple Terrace
88%
3,247 Dover
75%
17,879 Gibsonton
75%
28,878 Ruskin
75%
25,179 Fish Hawk
63%
12,400 Mango
63%
8,597 Seffner
63%
89,456 Town 'n' Country
63%
38,594 Valrico
63%
36,148 Carrollwood
50%
24,721 Lutz
50%
24,103 Bloomingdale
38%
27,260 Citrus Park
38%
36,644 Egypt Lake-Leto
38%
7,538 Odessa
38%
30,962 Sun City Center
38%
24,891 Westchase
38%
12,439 Wimauma
38%
5,397 Balm
25%
10,096 Progress Village
25%
14,052 Thonotosassa
25%
13,189 Cheval
13%
29,243 East Lake-Orient Park
13%
26,059 Keystone
13%
26,746 Northdale
13%
25,729 Palm River-Clair Mel
13%
10,976 Pebble Creek
13%
31,546 Lake Magdalene
0%
49,148 Univeristy
0%
No matching quizzes found
Score Distribution
Percent of People with Each Score
Percentile by Number Answered
Your Score History
You have not taken this quiz